000 00399nam a2200157 4500
001 46052
090 _a46052
100 _a20260424 pory50
101 _apor
102 _aPT
200 _aAlmansor Telheiros o barro e os homens
_fVasco Fernando
210 _a[Não identificado]
_c[Não identificado]
_d[Não identificado]
215 _a1 v.
675 _a738(469)
801 _aPT
_gRPC
990 _cLIVROS